Árboles ornamentales en el Valle de Aburrá : (Registro nro. 5942)

Detalles MARC
000 -CABECERA
Campo de control 01150cam a2200241 a 4500
005 - FECHA Y HORA DE LA ULTIMA TRANSACCION
Campo de control 20160213123617.0
008 - ELEMENTOS DE LONGITUD FIJA—INFORMACION GENERAL
Campo de control 111221s2006 ck abdo r 001 0 spa d
020 ## - ISBN
ISBN 9583387584
040 ## - FUENTE DE CATALOGACIÓN
Agencia catalogadora original CO-BoBLA
Agencia transcriptora CO-BoBLA
Agencia Modificadora CO-BoPUJ
-- CO-BoIAVH
041 0# - IDIOMA
Código de idioma para texto/pista de sonido o título separado Español
044 ## - PAÍS DE PUBLICACIÓN
País de publicación Colombia
082 04 - NUMERO DE CLASIFICACION DECIMAL DEWEY
Número de clasificación 635.977
Número del ítem M67a
100 1# - ASIENTO PRINCIPAL--NOMBRE PERSONAL
Nombre personal Morales Soto, León
9 (RLIN) 39355
245 10 - MENCION DE TITULO
Título Árboles ornamentales en el Valle de Aburrá :
Parte restante del título Elementos de manejo /
Mención de responsabilidad investigación y textos León Morales Soto y Teresita Varón Palacio ; fotografía Jorge Alberto Londoño Fernández ; ilustraciones Edwin Alonso Ayala Martínez
260 ## - PUBLICACION, DISTRIBUCION, ETC. (PIE DE IMPRENTA)
Lugar de publicación, distribución, etc. Medellín (Colombia):
Nombre del editor, distribuidor, etc. Área Metropolitana del Valle de Aburrá,
Fecha de publicación, distribución, etc. 2006.
300 ## - DESCRIPCION FISICA
Extensión 183 páginas :
Otros detalles físicos ilustraciones, cuadros, fotos a color y mapas ;
Dimensiones 32 cm.
504 ## - NOTA DE BIBLIOGRAFIA, ETC.
Nota de bibliografía Incluye referencias bibliográficas (páginas 176-178) e índices.
650 14 - ASIENTO SECUNDARIO DE MATERIA - TERMINO TEMATICO
Término temático o nombre geográfico como elemento de entrada Árboles ornamentales
Subdivisión geográfica Valle de Aburrá (Antioquia, Colombia)
9 (RLIN) 59435
650 24 - ASIENTO SECUNDARIO DE MATERIA - TERMINO TEMATICO
Término temático o nombre geográfico como elemento de entrada Áboles
Subdivisión geográfica Valle de Aburrá (Antioquia, Colombia)
9 (RLIN) 59436
700 1# - ASIENTO SECUNDARIO - NOMBRE PERSONAL
Nombre personal Varón Palacio, Teresita
Término de relación autora.
9 (RLIN) 39358
700 1# - ASIENTO SECUNDARIO - NOMBRE PERSONAL
Nombre personal Londoño Fernández, Jorge Alberto
Término de relación Fotógrafo
9 (RLIN) 39359
942 ## - ELEMENTOS ADICIONALES (KOHA)
Sistema de clasificación Dewey Decimal Classification
Tipo de ítem Libro
Existencias
Withdrawn status Lost status Sistema de Clasificación Damaged status No para préstamo Colección Inventariado Ubicación Permanente Ubicación actual Fecha de adquisición Fuente de Valor Valor Total Checkouts Número topográfico Inventario / Código de Barras Date last seen Ejemplar Price effective from Forma de adquisición Tipo de material
    Dewey Decimal Classification     General Inventariado 2017 Bogotá Bogotá 21/11/2007 Instituto 30000.00   LB-635.977 M67a 025488 04/12/2012 Ej.1 04/12/2012   Libro
    Dewey Decimal Classification     General Inventariado 2017 Bogotá Bogotá 07/03/2017 Instituto 30000.00   LB-635.977 M67a 028545 07/03/2017 Ej. 3 07/03/2017 Donación Libro
    Dewey Decimal Classification     General Inventariado 2017 Sala Fabio Quevedo Sala Fabio Quevedo 21/11/2007 Instituto 30000.00   LB-635.977 M67a 025487 12/02/2016 Ej. 2 04/12/2012   Libro